Journal of Applied and Emerging Sciences / (Record no. 528088)
[ view plain ]
| 000 -LEADER | |
|---|---|
| fixed length control field | 00549nam a22001337a 4500 |
| 022 ## - INTERNATIONAL STANDARD SERIAL NUMBER | |
| International Standard Serial Number | 1814-070X EISSN#: 2415-2633 |
| 082 ## - DEWEY DECIMAL CLASSIFICATION NUMBER | |
| Classification number | 600 |
| 100 ## - MAIN ENTRY--PERSONAL NAME | |
| Personal name | Jamil Ahmad |
| 245 ## - TITLE STATEMENT | |
| Title | Journal of Applied and Emerging Sciences / |
| Remainder of title | J Appl Emerg Sci. |
| Statement of responsibility, etc | http://www.buitms.edu.pk/Office/research/ |
| 260 ## - PUBLICATION, DISTRIBUTION, ETC. (IMPRINT) | |
| Place of publication, distribution, etc | Quetta: |
| Name of publisher, distributor, etc | Balochistan University of Information Technology and Management Sciences (BUITMS), Jinnah Town, Samungli Road, Quetta, Pakistan. |
| 300 ## - PHYSICAL DESCRIPTION | |
| Dimensions | 24cm. |
| 650 ## - SUBJECT ADDED ENTRY--TOPICAL TERM | |
| Topical term or geographic name as entry element | General$Multidisciplinary (Ex Social Sciences) |
| 942 ## - ADDED ENTRY ELEMENTS (KOHA) | |
| Koha item type | Continuing Resources |
| Damaged status | Not for loan | Permanent Location | Current Location | Date acquired | Full call number | Barcode | Koha item type |
|---|---|---|---|---|---|---|---|
| Central Library (CL) | Central Library (CL) | 08/28/2019 | 600 | S-9029 | Continuing Resources |
